000 00344 a2200157 4500
001 184601
020 _a0-582-47117-6
040 _cMagnum
100 _aGram, Dewey
240 1 0 _aGladiator: a hero will rise
_lpor
245 1 0 _aGladiator: a hero will rise
300 _a75
362 0 _a2001
697 _aLITERATURA INGLESA
942 _cBK
999 _c184601
_d184601